No Need for a Monetary Halfway House Lessons from the European Payments Union for Post-Soviet Currency Arrangements
Salvato in:
| Autore principale: | |
|---|---|
| Natura: | Libro |
| Lingua: | inglese |
| Pubblicazione: |
Kiel
Institut für Weltwirtschaft
1992
|
| Edizione: | 1. ed. |
| Serie: | Kiel Discussion Papers
189 |
| Soggetti: | |
| Tags: |
Nessun Tag, puoi essere il primo ad aggiungerne!!
|
MARC
| LEADER | 00000nam a2200000 4500 | ||
|---|---|---|---|
| 001 | c010699 | ||
| 005 | 20221206083420.4 | ||
| 020 | |a 3-89456-028-2 | ||
| 041 | 0 | |a eng | |
| 044 | |a DE | ||
| 245 | 1 | 0 | |a No Need for a Monetary Halfway House |b Lessons from the European Payments Union for Post-Soviet Currency Arrangements |c Holger Schmieding |
| 250 | |a 1. ed. | ||
| 264 | 1 | |a Kiel |b Institut für Weltwirtschaft |c 1992 | |
| 300 | |a 29 s. | ||
| 490 | 1 | |a Kiel Discussion Papers |v 189 | |
| 830 | 0 | |a Kiel Discussion Papers |v 189 | |
| 610 | 2 | 0 | |a Európska menová únia |
| 610 | 2 | 0 | |a východná Európa |
| 610 | 2 | 0 | |a liberalizácia |
| 610 | 2 | 0 | |a konvertibilita |
| 610 | 2 | 0 | |a styk platobný |
| 610 | 2 | 0 | |a únie menové |
| 610 | 2 | 0 | |a obchod |
| 610 | 2 | 0 | |a západná Európa |
| 100 | 1 | |a Schmieding, Holger | |